Statistics for Stoke City Premier League Players

Click here to take the quiz!

General Stats

  • This quiz has been taken 44 times
  • The average score is 30 of 97

Answer Stats

The Potters% Correct
Peter Crouch
96%
Ryan Shawcross
85%
Rory Delap
77%
Asmir Begović
73%
Bojan Krkić
73%
Xherdan Shaqiri
73%
Erik Pieters
69%
Jack Butland
69%
Mame Biram Diouf
65%
Robert Huth
65%
Glen Johnson
65%
Kenwyne Jones
65%
Charlie Adam
62%
Marko Arnautović
62%
Jonathan Walters
58%
Joe Allen
58%
Glenn Whelan
54%
Matthew Etherington
46%
Steven N'Zonzi
42%
Peter Odemwingie
42%
Phil Bardsley
42%
Jermaine Pennant
42%
Ricardo Fuller
42%
Geoff Cameron
42%
Stephen Ireland
38%
Thomas Sørensen
38%
Michael Owen
38%
Marc Wilson
38%
Darren Fletcher
35%
Lasse Sørensen
35%
Bruno Martins Indi
35%
Wilson Palacios
35%
Liam Lawrence
31%
Ibrahim Afellay
31%
Jesé
31%
Dean Whitehead
31%
Andy Wilkinson
31%
Lee Grant
31%
Salif Diao
27%
Shay Given
27%
Saido Berahino
27%
Danny Pugh
27%
Abdoulaye Faye
27%
Amdy Faye
27%
Steve Sidwell
27%
Ryan Shotton
27%
Giannelli Imbula
27%
Matthew Upson
27%
Danny Higginbotham
27%
Andrew Davies
27%
Kevin Wimmer
23%
Oussama Assaidi
23%
James Beattie
23%
John Carew
23%
Andy Griffin
23%
Carl Dickinson
23%
Tyrese Campbell
23%
Cameron Jerome
23%
Michael Kightly
23%
Tom Edwards
23%
Mamady Sidibé
19%
Tuncay Şanlı
19%
Philipp Wollscheid
19%
Kurt Zouma
19%
Seyi Olofinjana
19%
Eric Maxim Choupo-Moting
19%
Leon Cort
19%
Joselu
19%
Dave Kitson
19%
Danny Collins
19%
Victor Moses
19%
Marc Muniesa
19%
Wilfried Bony
15%
Jakob Haugaard
15%
Steve Simonsen
15%
Jonathan Woodgate
15%
Michael Tonge
12%
Moritz Bauer
12%
Richard Cresswell
12%
Marco van Ginkel
12%
Maurice Edu
12%
Stephen Kelly
12%
Eiður Guðjohnsen
12%
Tom Soares
12%
Brek Shea
12%
Badou Ndiaye
12%
Vincent Péricard
8%
Ibrahima Sonko
8%
Ollie Shenton
8%
Julien Ngoy
8%
John Guidetti
8%
Kostas Stafylidis
4%
Dionatan Teixeira
4%
Josh Tymon
4%
Ramadan Sobhi
4%
Henri Camara
4%
Louis Moult
4%

Score Distribution

Percentile by Number Answered

Percent of People with Each Score

Your Score History

You have not taken this quiz